00383nam a2200157Ia 45000010006000000050017000060080041000230410008000640820016000721000025000882450059001132600009001723000028001816500008002096540008002171025220260306161818.0260306t2014||||xx |||||||||||||| ||spa|| aESP a909.82bZ37 aZapata, AntonioeAUT 0aUn mundo incierto:bhistoria universal contemporánea c2014 a352 páginas :c20 cm. aGEN aCHU